[Event "HUN-chT 0809"]
[Site "Hungary"]
[Date "2009.02.08"]
[Round "7"]
[White "Magyar, Otto"]
[Black "Rovid, Kalman"]
[Result "1/2-1/2"]
[WhiteElo "2296"]
[BlackElo "2279"]
[PlyCount "24"]
[EventDate "2008.10.26"]
[EventType "team-tourn"]
[EventRounds "11"]
[EventCountry "HUN"]
[SourceTitle "EXT 2010"]
[Source "ChessBase"]
[SourceDate "2010.11.25"]
[SourceVersion "1"]
[SourceVersionDate "2010.11.25"]
[SourceQuality "1"]
[WhiteTeam "Penzugyor"]
[BlackTeam "Haladas"]
[WhiteTeamCountry "HUN"]
[BlackTeamCountry "HUN"]

1. e4 c5 2. Nf3 Nc6 3. Bb5 g6 4. 0-0 Bg7 5. c3 Nf6 6. Re1 0-0 7. h3 e5 8. d4 cxd4 9. cxd4 exd4 10. Nxd4 Qb6 11. Nxc6 dxc6 12. Bf1 Be6 1/2-1/2

[Event "HUN-chT2 Charousek 0809"]
[Site "Hungary"]
[Date "2009.01.25"]
[Round "6"]
[White "Rovid, Kalman"]
[Black "Juhasz, Kristof"]
[Result "1/2-1/2"]
[WhiteElo "2279"]
[BlackElo "2214"]
[PlyCount "32"]
[EventDate "2008.10.26"]
[EventType "team-tourn"]
[EventRounds "11"]
[EventCountry "HUN"]
[SourceTitle "EXT 2010"]
[Source "ChessBase"]
[SourceDate "2010.11.25"]
[SourceVersion "1"]
[SourceVersionDate "2010.11.25"]
[SourceQuality "1"]
[WhiteTeam "Haladas II"]
[BlackTeam "Csuti II"]
[WhiteTeamCountry "HUN"]
[BlackTeamCountry "HUN"]

1. e4 c6 2. d4 d5 3. Nc3 dxe4 4. Nxe4 Bf5 5. Ng3 Bg6 6. h4 h6 7. Bc4 e6 8. N1e2 Nf6 9. Nf4 Bh7 10. Nfh5 Nbd7 11. c3 Nxh5 12. Nxh5 Nf6 13. Bf4 Nxh5 14. Qxh5 Bd6 15. Qg4 Bxf4 16. Qxf4 Qf6 1/2-1/2

[Event "HUN-chT2 Charousek 0809"]
[Site "Hungary"]
[Date "2009.01.11"]
[Round "5"]
[White "Rovid, Kalman"]
[Black "Petran, Pal"]
[Result "0-1"]
[WhiteElo "2279"]
[BlackElo "2361"]
[PlyCount "116"]
[EventDate "2008.10.26"]
[EventType "team-tourn"]
[EventRounds "11"]
[EventCountry "HUN"]
[SourceTitle "EXT 2010"]
[Source "ChessBase"]
[SourceDate "2010.11.25"]
[SourceVersion "1"]
[SourceVersionDate "2010.11.25"]
[SourceQuality "1"]
[WhiteTeam "Haladas II"]
[BlackTeam "Honved"]
[WhiteTeamCountry "HUN"]
[BlackTeamCountry "HUN"]

1. e4 c6 2. d4 d5 3. Nc3 dxe4 4. Nxe4 Bf5 5. Ng3 Bg6 6. h4 h6 7. Bc4 e6 8. N1e2 Bd6 9. Nf4 Bxf4 10. Bxf4 Nf6 11. h5 Bh7 12. 0-0 Nbd7 13. Be2 0-0 14. Bf3 Re8 15. Re1 Qb6 16. b3 Nd5 17. Bd6 Nc3 18. Qd2 Nb5 19. Bf4 Qxd4 20. Rad1 e5 21. Bxh6 Qxd2 22. Rxd2 Nd4 23. Be3 Nxf3+ 24. gxf3 Nf8 25. Red1 b6 26. c3 c5 27. Kg2 Rac8 28. Rd6 c4 29. b4 Bd3 30. a4 Red8 31. Nf5 Rxd6 32. Ne7+ Kh7 33. Nxc8 Rd7 34. a5 bxa5 35. b5 Rb7 36. Nxa7 f5 37. Nc6 Rxb5 38. Ra1 f4 39. Ba7 e4 40. Rxa5 Rb2 41. Kh3 Rb1 42. Nd8 Rd1 43. Bd4 e3 44. fxe3 fxe3 45. Rg5 g6 46. hxg6+ Nxg6 47. Ra5 Rh1+ 48. Kg2 e2 49. Ra7+ Kg8 50. Rg7+ Kf8 51. Ne6+ Ke8 52. Nc7+ Kd8 53. Ne6+ Kc8 54. Rc7+ Kb8 55. Ba7+ Ka8 56. Bf2 e1Q 57. Rc8+ Kb7 58. Rc7+ Kb8 0-1

[Event "HUN-chT2 Charousek 0809"]
[Site "Hungary"]
[Date "2008.10.26"]
[Round "1"]
[White "Dencsi, Tibor"]
[Black "Rovid, Kalman"]
[Result "1/2-1/2"]
[WhiteElo "2328"]
[BlackElo "2279"]
[PlyCount "61"]
[EventDate "2008.10.26"]
[EventType "team-tourn"]
[EventRounds "11"]
[EventCountry "HUN"]
[SourceTitle "EXT 2010"]
[Source "ChessBase"]
[SourceDate "2010.11.25"]
[SourceVersion "1"]
[SourceVersionDate "2010.11.25"]
[SourceQuality "1"]
[WhiteTeam "Pannonpower"]
[BlackTeam "Haladas II"]
[WhiteTeamCountry "HUN"]
[BlackTeamCountry "HUN"]

1. d4 Nf6 2. c4 c5 3. d5 b5 4. cxb5 a6 5. bxa6 g6 6. Nc3 Bxa6 7. Nf3 Bg7 8. g3 d6 9. Bg2 Nbd7 10. Rb1 0-0 11. 0-0 Ra7 12. Qc2 Bc4 13. Nd2 Bxa2 14. Nxa2 Rxa2 15. Nc4 Qa8 16. e4 Ng4 17. h3 Nge5 18. Ne3 Qa6 19. Rd1 c4 20. f4 Nd3 21. Nxc4 Nb4 22. Qe2 Nb6 23. Bf1 Nxc4 24. Qxc4 Qb6+ 25. Kg2 Rb8 26. Bd2 Ra5 27. Qb3 Qd4 28. Qe3 Qxe3 29. Bxe3 Nc2 30. Bf2 Ra2 31. Rd2 1/2-1/2

[Event "HUN-chT2 Charousek 0708"]
[Site "Hungary"]
[Date "2008.04.27"]
[Round "10"]
[White "Rovid, Kalman"]
[Black "Hadrik, Csaba"]
[Result "1/2-1/2"]
[WhiteElo "2296"]
[BlackElo "2034"]
[PlyCount "76"]
[EventDate "2007.10.14"]
[EventType "team"]
[EventRounds "11"]
[EventCountry "HUN"]
[SourceTitle "EXT 2009"]
[Source "ChessBase"]
[SourceDate "2008.11.26"]
[SourceVersion "1"]
[SourceVersionDate "2008.11.26"]
[SourceQuality "1"]
[WhiteTeam "Haladas II"]
[BlackTeam "Lovo"]
[WhiteTeamCountry "HUN"]
[BlackTeamCountry "HUN"]

1. e4 e5 2. Nf3 Nc6 3. Bb5 d6 4. 0-0 Be7 5. c3 Bd7 6. Re1 Nf6 7. d4 Nb8 8. Bf1 Bg4 9. dxe5 Bxf3 10. Qxf3 dxe5 11. Nd2 0-0 12. Nc4 Nc6 13. Ne3 Bc5 14. Nf5 Ne7 15. Nh6+ Kh8 16. Bc4 Qe8 17. g4 Neg8 18. g5 gxh6 19. gxf6 Qc6 20. b4 Bb6 21. Bd5 Qxf6 22. Qxf6+ Nxf6 23. Bxb7 Rab8 24. Ba6 Rg8+ 25. Kf1 Ng4 26. Be3 Nxh2+ 27. Ke2 Bxe3 28. Kxe3 Rb6 29. Be2 Rg2 30. Rg1 Rbg6 31. Rxg2 Rxg2 32. f3 h5 33. a4 h4 34. c4 h3 35. b5 Rg3 36. Kf2 Rg2+ 37. Ke3 Rg3 38. Kf2 Rg2+ 1/2-1/2